000
00321 a2200109 4500
001
ART_58903
005
20260410162051.0
008
260409a
245
1
0
_a
Se intensifican los controles fiscales sistémicos
100
1
_a
Santacruz, Lidia M.
773
0
_t
Impuestos
_g
- N° 151 (jul. 2023)
_w
REV45175
999
_c
35790
_d
35790